Statistics for Countries with the lowest Coastline to Area Ratio

Click here to take the quiz!

General Stats

  • This quiz has been taken 52 times
  • The average score is 9 of 15

Answer Stats

RatioCountry% Correct
0.0163Dem. Rep. Congo
87%
0.495Rep. Congo
85%
0.391Bosnia and Herzegovina
81%
0.133Iraq
70%
0.419Algeria
62%
0.937Nigeria
62%
0.293Jordan
60%
0.458Sudan
60%
0.856Cameroon
57%
1.03Togo
57%
0.942Kenya
55%
1.01Libya
49%
0.732Mauritania
45%
0.979Romania
40%
0.886Brazil
28%

Score Distribution

Percentile by Number Answered

Percent of People with Each Score

Your Score History

You have not taken this quiz